[Event "48. Capablanca Memorial Premier 2013"]
[Site "La Habana CUB"]
[Date "2013.04.21"]
[Round "1.1"]
[White "Linares Napoles, Oleiny"]
[Black "Ordaz Valdes, Lisandra Teresa"]
[Result "1/2-1/2"]
[WhiteElo "2321"]
[BlackElo "2361"]
[PlyCount "21"]
[EventDate "2013.04.21"]
[EventType "tourn"]
[EventRounds "9"]
[EventCountry "CUB"]
[EventCategory "3"]
[Source "lmi"]
[SourceDate "2013.04.21"]

1. e4 e5 2. Nf3 Nf6 3. Nxe5 d6 4. Nf3 Nxe4 5. Nc3 Nxc3 6. dxc3 Be7 7. Bf4 Nc6
8. Qd2 Be6 9. O-O-O Qd7 10. Ng5 Bxg5 11. Bxg5 1/2-1/2

[Event "48. Capablanca Memorial Premier 2013"]
[Site "La Habana CUB"]
[Date "2013.04.21"]
[Round "1.2"]
[White "Arribas Robaina, Maritza"]
[Black "Davila, Carlos"]
[Result "1/2-1/2"]
[WhiteElo "2321"]
[BlackElo "2304"]
[PlyCount "62"]
[EventDate "2013.04.21"]
[EventType "tourn"]
[EventRounds "9"]
[EventCountry "CUB"]
[EventCategory "3"]
[Source "lmi"]
[SourceDate "2013.04.21"]

1. e4 c5 2. Nf3 e6 3. d4 cxd4 4. Nxd4 a6 5. Bd3 Qc7 6. O-O Nf6 7. c4 Nc6 8.
Nxc6 dxc6 9. Be3 e5 10. h3 Be7 11. Qe2 O-O 12. c5 Kh8 13. Nd2 Rg8 14. Bc4 g5
15. g4 h5 16. f3 Rg7 17. Bb3 Nd7 18. Rac1 Nf8 19. Nc4 Ng6 20. Nd6 Bxd6 21. cxd6
Qxd6 22. Bxg5 f6 23. Rcd1 Qe7 24. Bh6 Rh7 25. Be3 hxg4 26. hxg4 Be6 27. Rd2
Bxb3 28. axb3 Nf4 29. Bxf4 exf4 30. Kg2 Kg7 31. Qd1 Rah8 1/2-1/2

[Event "48. Capablanca Memorial Premier 2013"]
[Site "La Habana CUB"]
[Date "2013.04.21"]
[Round "1.3"]
[White "Borges Feria, Yasel"]
[Black "Vigoa Apecheche, Yanira"]
[Result "1/2-1/2"]
[WhiteElo "2426"]
[BlackElo "2319"]
[PlyCount "88"]
[EventDate "2013.04.21"]
[EventType "tourn"]
[EventRounds "9"]
[EventCountry "CUB"]
[EventCategory "3"]
[Source "lmi"]
[SourceDate "2013.04.21"]

1. Nf3 c5 2. e3 Nc6 3. c4 g6 4. Nc3 Bg7 5. d4 cxd4 6. exd4 d6 7. h3 Nf6 8. d5
Nb8 9. Be2 O-O 10. O-O Na6 11. Be3 Nc5 12. Rc1 a5 13. Nd4 Bd7 14. Bf3 Qc8 15.
Re1 Re8 16. Qd2 h6 17. b3 Kh7 18. Rcd1 Ng8 19. Qc2 Be5 20. Nce2 Kg7 21. Nf4 f5
22. Nfe6+ Bxe6 23. dxe6 Nf6 24. Qc1 Rh8 25. Bd5 Nxd5 26. cxd5 Ne4 27. f3 Qxc1
28. Rxc1 Nc5 29. Nxf5+ gxf5 30. Bxc5 Rhc8 31. Ba3 b5 32. Rxc8 Bd4+ 33. Kf1 Rxc8
34. Rc1 Rb8 35. Rc2 b4 36. Bb2 Bxb2 37. Rxb2 f4 38. Re2 Kf6 39. Re4 Kf5 40. Ke2
Rb5 41. Rd4 Ke5 42. Re4+ Kf5 43. Rd4 Ke5 44. Re4+ Kf5 1/2-1/2

[Event "48. Capablanca Memorial Premier 2013"]
[Site "La Habana CUB"]
[Date "2013.04.21"]
[Round "1.4"]
[White "Sanchez Alvarez, Roberto Carlos"]
[Black "Pazos Gambarrotti, Plinio"]
[Result "1/2-1/2"]
[WhiteElo "2409"]
[BlackElo "2298"]
[PlyCount "85"]
[EventDate "2013.04.21"]
[EventType "tourn"]
[EventRounds "9"]
[EventCountry "CUB"]
[EventCategory "3"]
[Source "lmi"]
[SourceDate "2013.04.21"]

1. d4 Nf6 2. c4 e6 3. Nf3 d5 4. Bg5 dxc4 5. Nc3 Bb4 6. e4 b5 7. e5 h6 8. exf6
hxg5 9. fxg7 Rg8 10. a4 c6 11. h4 gxh4 12. Rxh4 Qf6 13. g3 Nd7 14. Bg2 Bb7 15.
Kf1 a6 16. Ne5 Nxe5 17. dxe5 Qxe5 18. axb5 Rd8 19. Qa4 Bxc3 20. bxc6 Bxb2 21.
c7+ Rd7 22. Bxb7 Qxc7 23. Bc6 Bxa1 24. Bxd7+ Qxd7 25. Qxa1 f6 26. Qxf6 Qd1+ 27.
Kg2 Qd5+ 28. Kh2 Qf5 29. Qd4 Rxg7 30. Rh8+ Kf7 31. Rh4 Rh7 32. Qa7+ Kg8 33.
Qb8+ Kf7 34. Qc7+ Kg8 35. Qd8+ Kf7 36. Qd7+ Kg8 37. Qe8+ Kg7 38. Qe7+ Kg8 39.
Qd8+ Kf7 40. Qd7+ Kf8 41. Qd8+ Kg7 42. Qe7+ Kg8 43. Qe8+ 1/2-1/2

[Event "48. Capablanca Memorial Premier 2013"]
[Site "La Habana CUB"]
[Date "2013.04.21"]
[Round "1.5"]
[White "Madrigal, Mariano"]
[Black "Perez Avendano, Paul Omar"]
[Result "1-0"]
[WhiteElo "2167"]
[BlackElo "2264"]
[PlyCount "45"]
[EventDate "2013.04.21"]
[EventType "tourn"]
[EventRounds "9"]
[EventCountry "CUB"]
[EventCategory "3"]
[Source "lmi"]
[SourceDate "2013.04.21"]

1. e4 d6 2. d4 Nf6 3. Nc3 g6 4. Bg5 Bg7 5. Qd2 O-O 6. f4 c6 7. Nf3 b5 8. Bd3
Bg4 9. O-O Bxf3 10. Rxf3 Qb6 11. Ne2 Nbd7 12. Kh1 Rfe8 13. f5 Rad8 14. Raf1 c5
15. c3 b4 16. Bh6 Bh8 17. Qg5 cxd4 18. cxd4 Nf8 19. e5 dxe5 20. dxe5 Nd5 21.
fxg6 fxg6 22. Qxe7 Nxe7 23. Rxf8+ 1-0

[Event "48. Capablanca Memorial Premier 2013"]
[Site "La Habana CUB"]
[Date "2013.04.22"]
[Round "2.1"]
[White "Ordaz Valdes, Lisandra Teresa"]
[Black "Perez Avendano, Paul Omar"]
[Result "1-0"]
[WhiteElo "2361"]
[BlackElo "2264"]
[PlyCount "146"]
[EventDate "2013.04.21"]
[EventType "tourn"]
[EventRounds "9"]
[EventCountry "CUB"]
[EventCategory "3"]
[Source "lmi"]
[SourceDate "2013.04.21"]

1. d4 Nf6 2. c4 e6 3. Nc3 Bb4 4. Qc2 d5 5. a3 Be7 6. Nf3 O-O 7. Bf4 b6 8. e3 a6
9. b4 dxc4 10. Bxc4 Bb7 11. O-O Nh5 12. Be5 Nd7 13. Rfd1 Qc8 14. Bd3 g6 15. Ne4
Nxe5 16. Nxe5 Ra7 17. Rdc1 Qa8 18. Nc6 Bxc6 19. Qxc6 Qb8 20. d5 exd5 21. Qxd5
Rd8 22. Qb3 Qc8 23. h3 a5 24. b5 a4 25. Qc4 Qd7 26. Rd1 Qe8 27. Bc2 Nf6 28.
Bxa4 Nxe4 29. Qxe4 Bf6 30. Rxd8 Qxd8 31. Ra2 Qe7 32. Qc4 Ra8 33. Bb3 Rd8 34. a4
Be5 35. g3 Bd6 36. Rd2 Rf8 37. Rd4 Qf6 38. Kg2 Qe5 39. Rf4 Qe7 40. Re4 Qf6 41.
Qc6 Kg7 42. Qc4 Qf5 43. Rd4 Qf6 44. Qc6 Rd8 45. Rd3 h5 46. e4 Rf8 47. Qd5 Bc5
48. Rf3 Qe7 49. e5 Bb4 50. Ba2 Bc5 51. Rf6 Bb4 52. f4 Bc3 53. h4 Bb2 54. Bb3
Bc3 55. Kh3 Bb2 56. g4 hxg4+ 57. Kxg4 Bc3 58. h5 Kh6 59. Qh1 Kg7 60. Kg5 Bxe5
61. h6+ Kh7 62. Qc6 Rd8 63. Bxf7 Rd6 64. Bxg6+ Kh8 65. Qa8+ Rd8 66. Qxd8+ Qxd8
67. fxe5 Qd2+ 68. Kf5 Qxh6 69. Rf7 Qc1 70. e6 Qc5+ 71. Kf6 Qd4+ 72. Ke7 Qd6+
73. Kf6 Qd4+ 1-0

[Event "48. Capablanca Memorial Premier 2013"]
[Site "La Habana CUB"]
[Date "2013.04.22"]
[Round "2.2"]
[White "Pazos Gambarrotti, Plinio"]
[Black "Madrigal, Mariano"]
[Result "1-0"]
[WhiteElo "2298"]
[BlackElo "2167"]
[PlyCount "121"]
[EventDate "2013.04.21"]
[EventType "tourn"]
[EventRounds "9"]
[EventCountry "CUB"]
[EventCategory "3"]
[Source "lmi"]
[SourceDate "2013.04.21"]

1. d4 Nf6 2. c4 g6 3. Nc3 d5 4. cxd5 Nxd5 5. Bd2 Bg7 6. e4 Nb6 7. Be3 O-O 8. h3
e5 9. Nf3 exd4 10. Nxd4 N8d7 11. Rc1 Ne5 12. b3 Qe7 13. Qc2 f5 14. f4 Nf7 15.
g3 fxe4 16. Bg2 Nd6 17. O-O c6 18. Rfe1 Nd5 19. Bf2 Nxc3 20. Qxc3 Kh8 21. Qb4
Re8 22. Nf3 a5 23. Qd2 Qc7 24. Ng5 Be6 25. Rcd1 Bd5 26. Bc5 Rad8 27. Qf2 Rd7
28. Kh2 h6 29. Bxd6 Rxd6 30. Nxe4 Bxe4 31. Rxd6 Qxd6 32. Rxe4 Rxe4 33. Bxe4 Bd4
34. Qe1 b6 35. Qd1 c5 36. h4 Qe6 37. Qf3 Kg7 38. Bd3 Qe7 39. Qc6 Qf6 40. Qb7+
Kf8 41. Qc8+ Kg7 42. Qd7+ Qf7 43. Qg4 h5 44. Qf3 Kh8 45. Qc6 Kg7 46. Qxb6 Qe8
47. Qc7+ Kh6 48. Qd6 Kg7 49. a3 Qf7 50. b4 axb4 51. axb4 Qa2+ 52. Kh3 Bf6 53.
Qd7+ Qf7 54. Qxf7+ Kxf7 55. bxc5 Bd4 56. c6 Bb6 57. Kg2 Kf6 58. Kf3 Kf7 59. Ke4
Ke6 60. Bc4+ Kd6 61. Bf7 1-0

[Event "48. Capablanca Memorial Premier 2013"]
[Site "La Habana CUB"]
[Date "2013.04.22"]
[Round "2.3"]
[White "Vigoa Apecheche, Yanira"]
[Black "Sanchez Alvarez, Roberto Carlos"]
[Result "1-0"]
[WhiteElo "2319"]
[BlackElo "2409"]
[PlyCount "81"]
[EventDate "2013.04.21"]
[EventType "tourn"]
[EventRounds "9"]
[EventCountry "CUB"]
[EventCategory "3"]
[Source "lmi"]
[SourceDate "2013.04.21"]

1. d4 Nf6 2. Nf3 c5 3. d5 e6 4. c4 b5 5. dxe6 fxe6 6. cxb5 a6 7. Nc3 axb5 8.
Nxb5 Qa5+ 9. Nc3 d5 10. e3 Be7 11. Bb5+ Bd7 12. Bxd7+ Nbxd7 13. O-O O-O 14. h3
Rad8 15. Ng5 Qb6 16. a4 h6 17. Nf3 Qb7 18. Qc2 e5 19. Qf5 e4 20. Nh4 Rf7 21.
Ng6 Bd6 22. Qe6 Nf8 23. Nxf8 Kxf8 24. Nb5 Bb8 25. h4 Re7 26. Qh3 Kg8 27. b4 d4
28. bxc5 d3 29. Bb2 Nd5 30. Bd4 Nb4 31. Rab1 Nc6 32. Nd6 Qa6 33. Rb6 Qxa4 34.
Nf5 Rf7 35. Qg4 Nxd4 36. Nxd4 Bc7 37. Re6 Rxd4 38. exd4 Qxd4 39. Re8+ Kh7 40.
h5 Rf6 41. Re7 1-0

[Event "48. Capablanca Memorial Premier 2013"]
[Site "La Habana CUB"]
[Date "2013.04.22"]
[Round "2.4"]
[White "Davila, Carlos"]
[Black "Borges Feria, Yasel"]
[Result "1/2-1/2"]
[WhiteElo "2304"]
[BlackElo "2426"]
[PlyCount "71"]
[EventDate "2013.04.21"]
[EventType "tourn"]
[EventRounds "9"]
[EventCountry "CUB"]
[EventCategory "3"]
[Source "lmi"]
[SourceDate "2013.04.21"]

1. e4 b6 2. d4 Bb7 3. Nd2 e6 4. Ngf3 c5 5. dxc5 bxc5 6. Bd3 d6 7. O-O Nc6 8. a3
Nf6 9. Rb1 Be7 10. b4 cxb4 11. axb4 O-O 12. b5 Nb8 13. e5 dxe5 14. Nxe5 Nbd7
15. Bb2 Nc5 16. Bc4 Qc7 17. Qe2 Rad8 18. Rbd1 Nd5 19. Bxd5 Rxd5 20. c4 Rdd8 21.
Ra1 f6 22. Nef3 e5 23. Bc3 Rd7 24. Ne1 a6 25. Bb4 Ra8 26. Bxc5 Bxc5 27. Nb3
axb5 28. Rxa8+ Bxa8 29. Nxc5 Qxc5 30. cxb5 Bd5 31. Nf3 Bc4 32. Qc2 Qxb5 33. Rb1
Qd5 34. Rb8+ Kf7 35. Nxe5+ Qxe5 36. Qxc4+ 1/2-1/2

[Event "48. Capablanca Memorial Premier 2013"]
[Site "La Habana CUB"]
[Date "2013.04.22"]
[Round "2.5"]
[White "Linares Napoles, Oleiny"]
[Black "Arribas Robaina, Maritza"]
[Result "1/2-1/2"]
[WhiteElo "2321"]
[BlackElo "2321"]
[PlyCount "81"]
[EventDate "2013.04.21"]
[EventType "tourn"]
[EventRounds "9"]
[EventCountry "CUB"]
[EventCategory "3"]
[Source "lmi"]
[SourceDate "2013.04.21"]

1. c4 e5 2. g3 Nf6 3. Bg2 c6 4. d4 exd4 5. Qxd4 d5 6. Nc3 dxc4 7. Qxc4 Be6 8.
Qa4 Bc5 9. Nf3 h6 10. O-O O-O 11. Bf4 Nbd7 12. Rad1 Qe7 13. Nd4 Nb6 14. Qc2
Bxd4 15. Rxd4 Rfd8 16. Rxd8+ Rxd8 17. e4 Qb4 18. Bc1 Nc4 19. b3 Ne5 20. Bb2 Qc5
21. h3 Rd7 22. Rd1 Ne8 23. Rxd7 Bxd7 24. Qd1 Qd6 25. Qxd6 Nxd6 26. Nb5 Nxb5 27.
Bxe5 f6 28. Bb2 Kf7 29. f4 Nd6 30. Kf2 h5 31. f5 c5 32. Bf3 Bc6 33. Ke3 Ke7 34.
Ba3 b6 35. Bb2 a5 36. Kf4 a4 37. bxa4 Bxa4 38. e5 Nc4 39. exf6+ gxf6 40. Ba1
Be8 41. Be2 1/2-1/2

[Event "48. Capablanca Memorial Premier 2013"]
[Site "La Habana CUB"]
[Date "2013.04.23"]
[Round "3.1"]
[White "Arribas Robaina, Maritza"]
[Black "Ordaz Valdes, Lisandra Teresa"]
[Result "1/2-1/2"]
[WhiteElo "2321"]
[BlackElo "2361"]
[PlyCount "23"]
[EventDate "2013.04.21"]
[EventType "tourn"]
[EventRounds "9"]
[EventCountry "CUB"]
[EventCategory "3"]
[Source "lmi"]
[SourceDate "2013.04.21"]

1. e4 e5 2. Nf3 Nc6 3. Bb5 Nf6 4. O-O Bc5 5. d3 Nd4 6. Nxd4 Bxd4 7. Nc3 O-O 8.
Bc4 h6 9. Be3 Bxe3 10. fxe3 d5 11. exd5 Nxd5 12. Qd2 1/2-1/2

[Event "48. Capablanca Memorial Premier 2013"]
[Site "La Habana CUB"]
[Date "2013.04.23"]
[Round "3.2"]
[White "Borges Feria, Yasel"]
[Black "Linares Napoles, Oleiny"]
[Result "0-1"]
[WhiteElo "2426"]
[BlackElo "2321"]
[PlyCount "128"]
[EventDate "2013.04.21"]
[EventType "tourn"]
[EventRounds "9"]
[EventCountry "CUB"]
[EventCategory "3"]
[Source "lmi"]
[SourceDate "2013.04.21"]

1. Nf3 e6 2. c4 d5 3. d4 Nf6 4. Nc3 c5 5. e3 Nc6 6. a3 a6 7. cxd5 exd5 8. Be2
Bd6 9. dxc5 Bxc5 10. b4 Bb6 11. O-O O-O 12. Bb2 Bc7 13. Rc1 Qd6 14. Qd3 Bg4 15.
g3 Rfe8 16. Rfd1 Rad8 17. b5 Ne7 18. Nd4 Bb6 19. Na4 Ba7 20. Re1 Bxe2 21. Rxe2
Ne4 22. Rec2 h6 23. b6 Bxb6 24. Nxb6 Qxb6 25. a4 Nd6 26. Nf3 Nc4 27. Bd4 Qg6
28. Qb3 Rd7 29. Nd2 Nxd2 30. Rxd2 Nc6 31. Bc3 Qf5 32. Rcd1 Red8 33. Qb1 Qg4 34.
Bd4 h5 35. Kg2 Re8 36. h3 Qe4+ 37. Qxe4 dxe4 38. Bc3 Rxd2 39. Rxd2 Rd8 40.
Rxd8+ Nxd8 41. f3 exf3+ 42. Kxf3 Ne6 43. a5 Ng5+ 44. Kg2 Kf8 45. g4 hxg4 46.
hxg4 Ne6 47. Kf3 Ke7 48. Ke4 Kd6 49. Kf5 Kd5 50. g5 Kc4 51. Ba1 g6+ 52. Kf6 Kb4
53. Kxf7 Nxg5+ 54. Kxg6 Ne4 55. Kf5 Nd6+ 56. Ke5 Nc4+ 57. Kd4 Nxa5 58. Bc3+ Kb5
59. e4 Nc6+ 60. Kd5 a5 61. e5 a4 62. e6 Ne7+ 63. Kd6 Ng6 64. Kc7 Kc4 0-1

[Event "48. Capablanca Memorial Premier 2013"]
[Site "La Habana CUB"]
[Date "2013.04.23"]
[Round "3.3"]
[White "Sanchez Alvarez, Roberto Carlos"]
[Black "Davila, Carlos"]
[Result "0-1"]
[WhiteElo "2409"]
[BlackElo "2304"]
[PlyCount "86"]
[EventDate "2013.04.21"]
[EventType "tourn"]
[EventRounds "9"]
[EventCountry "CUB"]
[EventCategory "3"]
[Source "lmi"]
[SourceDate "2013.04.21"]

1. d4 Nf6 2. c4 g6 3. Nc3 Bg7 4. e4 d6 5. f3 O-O 6. Nge2 c6 7. Bg5 Nbd7 8. Qd2
a6 9. h4 e5 10. d5 Nb6 11. Ng3 cxd5 12. cxd5 h5 13. Bd3 Bd7 14. b3 Rc8 15. Nge2
Na8 16. a4 Qa5 17. O-O Nh7 18. b4 Qxb4 19. Rab1 Qa5 20. Be3 Rc7 21. Rb3 Bc8 22.
Qb2 Rd7 23. Nb5 axb5 24. axb5 Qd8 25. b6 Qxh4 26. Ra1 Nxb6 27. Bxb6 f5 28. Qc1
Rdf7 29. Ra8 fxe4 30. Bxe4 Bf5 31. Rxf8+ Bxf8 32. Bf2 Qf6 33. Ng3 h4 34. Nxf5
gxf5 35. Bc2 Rg7 36. Bd3 Ng5 37. Kh1 h3 38. g3 Nxf3 39. Be2 Ng5 40. Qc8 Qf7 41.
Rd3 Qg6 42. Qc4 Ne4 43. Be1 f4 0-1

[Event "48. Capablanca Memorial Premier 2013"]
[Site "La Habana CUB"]
[Date "2013.04.23"]
[Round "3.4"]
[White "Madrigal, Mariano"]
[Black "Vigoa Apecheche, Yanira"]
[Result "0-1"]
[WhiteElo "2167"]
[BlackElo "2319"]
[PlyCount "76"]
[EventDate "2013.04.21"]
[EventType "tourn"]
[EventRounds "9"]
[EventCountry "CUB"]
[EventCategory "3"]
[Source "lmi"]
[SourceDate "2013.04.21"]

1. e4 c5 2. Nf3 e6 3. c4 Nc6 4. Nc3 a6 5. d4 cxd4 6. Nxd4 Bb4 7. a3 Be7 8. Be2
d6 9. O-O Qc7 10. Be3 Nf6 11. Rc1 O-O 12. Qd2 Ne5 13. h3 b6 14. f4 Ned7 15. Bf3
Bb7 16. b4 Rfe8 17. Rfe1 Rac8 18. Bf2 Nf8 19. Na4 N6d7 20. Qe3 Qb8 21. Red1 Bd8
22. Qe2 Ng6 23. Bg3 Bc7 24. Nb2 e5 25. f5 exd4 26. fxg6 hxg6 27. Rxd4 d5 28.
Bxc7 Rxc7 29. Qc2 Ne5 30. exd5 Nxf3+ 31. gxf3 Rce7 32. d6 Re3 33. Rf1 Qd8 34.
d7 R8e7 35. Nd1 Re2 36. Qd3 Rxd7 37. Qxe2 Rxd4 38. Nc3 Qg5+ 0-1

[Event "48. Capablanca Memorial Premier 2013"]
[Site "La Habana CUB"]
[Date "2013.04.23"]
[Round "3.5"]
[White "Perez Avendano, Paul Omar"]
[Black "Pazos Gambarrotti, Plinio"]
[Result "1-0"]
[WhiteElo "2264"]
[BlackElo "2298"]
[PlyCount "111"]
[EventDate "2013.04.21"]
[EventType "tourn"]
[EventRounds "9"]
[EventCountry "CUB"]
[EventCategory "3"]
[Source "lmi"]
[SourceDate "2013.04.21"]

1. Nf3 Nf6 2. c4 e6 3. g3 d5 4. Bg2 Be7 5. O-O O-O 6. d4 dxc4 7. Ne5 Nc6 8.
Bxc6 bxc6 9. Nxc6 Qd6 10. Nxe7+ Qxe7 11. b3 cxb3 12. axb3 Rd8 13. Ba3 Qd7 14.
Nc3 Bb7 15. f3 e5 16. dxe5 Qh3 17. exf6 Rxd1 18. Rfxd1 Qe6 19. Bc5 Qxf6 20. Rd3
h5 21. Ra4 Qe6 22. Rh4 a5 23. Kf2 g6 24. Ne4 Bxe4 25. Rxe4 Qc6 26. Be3 Re8 27.
Rc4 Qe6 28. Kg2 Rb8 29. Re4 Qc6 30. Kf2 Re8 31. Rc4 Qe6 32. Kg2 Qxe3 33. Rxe3
Rxe3 34. Kf2 Rxb3 35. Rxc7 a4 36. Ra7 Ra3 37. h4 Ra1 38. Ke3 Kg7 39. Ra6 a3 40.
Kf4 a2 41. Ke5 Rg1 42. Rxa2 Rxg3 43. Ra4 Rg2 44. e3 Rg3 45. Rf4 Rh3 46. Kd6 Rh1
47. Ke7 f5 48. e4 fxe4 49. fxe4 Rg1 50. Rf7+ Kh6 51. e5 Rg4 52. Rf6 Kg7 53.
Rf7+ Kh6 54. Rf6 Ra4 55. e6 Ra7+ 56. Kf8 1-0

[Event "48. Capablanca Memorial Premier 2013"]
[Site "La Habana CUB"]
[Date "2013.04.24"]
[Round "4.3"]
[White "Davila, Carlos"]
[Black "Madrigal, Mariano"]
[Result "1-0"]
[WhiteElo "2304"]
[BlackElo "2167"]
[PlyCount "107"]
[EventDate "2013.04.21"]
[EventType "tourn"]
[EventRounds "9"]
[EventCountry "CUB"]
[EventCategory "3"]
[Source "lmi"]
[SourceDate "2013.04.21"]

1. e4 c5 2. Nf3 Nc6 3. Bb5 g6 4. Nc3 Bg7 5. O-O e5 6. Bxc6 bxc6 7. d3 d6 8. h3
Ne7 9. Nh2 O-O 10. f4 exf4 11. Bxf4 Be6 12. Qd2 Qd7 13. Bh6 Rab8 14. Bxg7 Kxg7
15. b3 f6 16. Rf2 Rf7 17. Raf1 Rbf8 18. Nf3 Nc8 19. Ne2 Nb6 20. Nf4 Qe7 21. c3
Bc8 22. d4 cxd4 23. cxd4 c5 24. Re1 Qc7 25. a4 Re8 26. a5 Nd7 27. Nd5 Qd8 28.
b4 cxd4 29. Nxd4 Ne5 30. Ref1 Ref8 31. Rc1 Qe8 32. Nc7 Qe7 33. Qc3 f5 34. exf5
Bxf5 35. Nd5 Qd7 36. Nf3 Rc8 37. Qxc8 Nxf3+ 38. Rxf3 Qxc8 39. Rxc8 Bxc8 40. Rd3
Bf5 41. Rd4 Rb7 42. a6 Rb5 43. Kf2 h5 44. Nc7 Rb8 45. g4 hxg4 46. hxg4 Bc8 47.
g5 Rb6 48. b5 Bd7 49. Rb4 Kf7 50. Ke3 Be6 51. Rh4 Bf5 52. Kd4 Bb1 53. Rh8 d5
54. Ra8 1-0

[Event "48. Capablanca Memorial Premier 2013"]
[Site "La Habana CUB"]
[Date "2013.04.24"]
[Round "4.5"]
[White "Arribas Robaina, Maritza"]
[Black "Borges Feria, Yasel"]
[Result "0-1"]
[WhiteElo "2321"]
[BlackElo "2426"]
[PlyCount "54"]
[EventDate "2013.04.21"]
[EventType "tourn"]
[EventRounds "9"]
[EventCountry "CUB"]
[EventCategory "3"]
[Source "lmi"]
[SourceDate "2013.04.21"]

1. e4 c5 2. Nf3 e6 3. d4 cxd4 4. Nxd4 a6 5. Bd3 Bc5 6. Nb3 Be7 7. Qg4 g6 8. O-O
Nc6 9. Qg3 d6 10. Nc3 h5 11. f4 h4 12. Qf3 Nf6 13. Be3 g5 14. e5 g4 15. Qe2
dxe5 16. fxe5 Nxe5 17. Rad1 Nfd7 18. Bd4 Qc7 19. Ne4 b6 20. Nf6+ Bxf6 21. Rxf6
Rg8 22. Rh6 Nf3+ 23. Kf1 Nxd4 24. Qe4 Nc6 25. Rxh4 Nf6 26. Qe2 Bb7 27. Kg1 Ne5
0-1

[Event "48. Capablanca Memorial Premier 2013"]
[Site "La Habana CUB"]
[Date "2013.04.25"]
[Round "5.1"]
[White "Borges Feria, Yasel"]
[Black "Ordaz Valdes, Lisandra Teresa"]
[Result "1-0"]
[WhiteElo "2426"]
[BlackElo "2361"]
[PlyCount "101"]
[EventDate "2013.04.21"]
[EventType "tourn"]
[EventRounds "9"]
[EventCountry "CUB"]
[EventCategory "3"]
[Source "lmi"]
[SourceDate "2013.04.21"]

1. Nf3 Nf6 2. c4 e6 3. Nc3 d5 4. e3 c5 5. d4 a6 6. a3 dxc4 7. Bxc4 b5 8. Ba2
Bb7 9. O-O Be7 10. Qe2 Nbd7 11. Rd1 cxd4 12. Nxd4 Qc7 13. e4 b4 14. axb4 Bxb4
15. Bd2 O-O 16. Nd5 exd5 17. Bxb4 Rfe8 18. Nf5 Rxe4 19. Qd2 Qf4 20. Ne7+ Kh8
21. Qxf4 Rxf4 22. Bc3 Re8 23. Nxd5 Nxd5 24. Bxd5 Bxd5 25. Rxd5 Nf6 26. Rda5 h6
27. g3 Rc4 28. Bxf6 gxf6 29. Rxa6 Kg7 30. R1a4 Rxa4 31. Rxa4 Re2 32. Rg4+ Kf8
33. b4 Rb2 34. Rf4 Kg7 35. Kf1 f5 36. Ke1 Kf6 37. Kd1 h5 38. h4 Ke5 39. Kc1 Ra2
40. b5 Ra8 41. b6 Rb8 42. Rb4 f6 43. b7 f4 44. Kd2 fxg3 45. fxg3 Kd6 46. Ke3
Kc5 47. Rb1 Kc4 48. Kf4 Kd3 49. Kf5 Ke3 50. Rb3+ Kf2 51. Kxf6 1-0

[Event "48. Capablanca Memorial Premier 2013"]
[Site "La Habana CUB"]
[Date "2013.04.25"]
[Round "5.2"]
[White "Sanchez Alvarez, Roberto Carlos"]
[Black "Arribas Robaina, Maritza"]
[Result "1/2-1/2"]
[WhiteElo "2409"]
[BlackElo "2321"]
[PlyCount "81"]
[EventDate "2013.04.21"]
[EventType "tourn"]
[EventRounds "9"]
[EventCountry "CUB"]
[EventCategory "3"]
[Source "lmi"]
[SourceDate "2013.04.21"]

1. d4 Nf6 2. c4 g6 3. Nc3 Bg7 4. e4 d6 5. h3 a6 6. Nf3 c5 7. d5 O-O 8. Bd3 e6
9. O-O exd5 10. exd5 Nfd7 11. Be3 Ne5 12. Nxe5 Bxe5 13. Qd2 Nd7 14. Bh6 Bg7 15.
Rfe1 Ne5 16. Bxg7 Kxg7 17. Bf1 f6 18. f4 Nf7 19. Ne4 Bf5 20. g4 Bxe4 21. Rxe4
g5 22. Rae1 Rc8 23. Re6 gxf4 24. Qxf4 Ne5 25. Qf5 Rc7 26. Bd3 Kh8 27. Rf1 Rcf7
28. Be4 Nxc4 29. Qh5 Rg7 30. Qh6 Ne5 31. Rexf6 Rxf6 32. Qxf6 Qxf6 33. Rxf6 Rd7
34. Bf5 Kg7 35. Re6 Nf3+ 36. Kf2 Nd4 37. Rg6+ hxg6 38. Bxd7 a5 39. g5 b5 40. a3
b4 41. axb4 1/2-1/2

[Event "48. Capablanca Memorial Premier 2013"]
[Site "La Habana CUB"]
[Date "2013.04.25"]
[Round "5.3"]
[White "Madrigal, Mariano"]
[Black "Linares Napoles, Oleiny"]
[Result "0-1"]
[WhiteElo "2167"]
[BlackElo "2321"]
[PlyCount "62"]
[EventDate "2013.04.21"]
[EventType "tourn"]
[EventRounds "9"]
[EventCountry "CUB"]
[EventCategory "3"]
[Source "lmi"]
[SourceDate "2013.04.21"]

1. e4 e5 2. Nf3 Nc6 3. Bb5 a6 4. Ba4 Nf6 5. Qe2 b5 6. Bb3 Bc5 7. c3 d6 8. d3 h6
9. h3 Be6 10. Bc2 O-O 11. g4 d5 12. Nbd2 dxe4 13. dxe4 Nh7 14. Bb3 Bb6 15. Nf1
Na5 16. Bxe6 fxe6 17. Be3 Qf6 18. N1h2 Rad8 19. O-O Nc4 20. Bxb6 Nxb6 21. h4
Qf4 22. Rad1 Nc4 23. Kg2 Rxd1 24. Rxd1 Nf6 25. Ng1 Qxe4+ 26. Qxe4 Nxe4 27. Ngf3
Nxb2 28. Re1 Nxc3 29. Rxe5 Nd3 30. Re3 Nf4+ 31. Kg3 Nce2+ 0-1

[Event "48. Capablanca Memorial Premier 2013"]
[Site "La Habana CUB"]
[Date "2013.04.25"]
[Round "5.4"]
[White "Perez Avendano, Paul Omar"]
[Black "Davila, Carlos"]
[Result "0-1"]
[WhiteElo "2264"]
[BlackElo "2304"]
[PlyCount "108"]
[EventDate "2013.04.21"]
[EventType "tourn"]
[EventRounds "9"]
[EventCountry "CUB"]
[EventCategory "3"]
[Source "lmi"]
[SourceDate "2013.04.21"]

1. d4 Nf6 2. Nf3 g6 3. g3 Bg7 4. c4 O-O 5. Bg2 d6 6. O-O Nc6 7. Nc3 Bf5 8. d5
Na5 9. Nd4 Bd7 10. b3 c5 11. Nc2 a6 12. Qd3 Qc8 13. Rb1 b5 14. Bd2 b4 15. Ne4
Nxe4 16. Bxe4 Nb7 17. a4 bxa3 18. Nxa3 Qc7 19. Bc3 Bxc3 20. Qxc3 Bh3 21. Rfe1
Rab8 22. Bc2 e5 23. Ra1 f5 24. Nb1 a5 25. Nd2 Rbe8 26. Nf3 h6 27. Kh1 g5 28.
Ng1 Bg4 29. f3 Bh5 30. e4 f4 31. g4 Bg6 32. Re2 Kg7 33. Rg2 Ra8 34. Bd1 Qb6 35.
Qe1 Qb4 36. Qf1 Be8 37. Raa2 Nd8 38. h4 Nf7 39. Rh2 Bd7 40. Rab2 Rfb8 41. Qh3
Kf6 42. Rbd2 a4 43. bxa4 Qxc4 44. Bc2 Bxa4 45. Bxa4 Qxa4 46. hxg5+ hxg5 47. Qh7
Rh8 48. Qf5+ Kg7 49. Nh3 Qa1+ 50. Ng1 Qe1 51. Rde2 Qg3 52. Reg2 Qxg2+ 53. Kxg2
Ra2+ 54. Kf1 Rhxh2 0-1

[Event "48. Capablanca Memorial Premier 2013"]
[Site "La Habana CUB"]
[Date "2013.04.25"]
[Round "5.5"]
[White "Pazos Gambarrotti, Plinio"]
[Black "Vigoa Apecheche, Yanira"]
[Result "1/2-1/2"]
[WhiteElo "2298"]
[BlackElo "2319"]
[PlyCount "66"]
[EventDate "2013.04.21"]
[EventType "tourn"]
[EventRounds "9"]
[EventCountry "CUB"]
[EventCategory "3"]
[Source "lmi"]
[SourceDate "2013.04.21"]

1. Nf3 Nf6 2. g3 g6 3. Bg2 Bg7 4. O-O O-O 5. d4 d6 6. b3 c5 7. Bb2 cxd4 8. Nxd4
d5 9. e3 e5 10. Nf3 e4 11. Nd4 Bg4 12. Qd2 Qd7 13. Rc1 Nc6 14. Nxc6 bxc6 15.
Nc3 h5 16. Ne2 Bf3 17. Bf1 h4 18. c4 Qg4 19. cxd5 Rad8 20. Rxc6 Rxd5 21. Qe1
hxg3 22. fxg3 Bxe2 23. Bxe2 Qg5 24. Bc4 Rf5 25. Qe2 Rf3 26. Rf1 Nh5 27. Rxf3
exf3 28. Qf2 Bxb2 29. Qxb2 Qxe3+ 30. Qf2 Qc1+ 31. Qf1 Qe3+ 32. Qf2 Qc1+ 33. Qf1
Qe3+ 1/2-1/2